2024 NFL Touchdown Scorers - Statistics

General Stats
  • This quiz has been taken 277 times
    98 since last reset
  • The average score is 181 of 391
Answer Stats
Team # Position Player % Correct
49ers 8 TE George Kittle
89%
Vikings 7 RB Aaron Jones
86%
49ers 5 QB Brock Purdy
86%
Bengals 1 WR Charlie Jones
86%
Giants 2 QB Daniel Jones
86%
Raiders 1 DB Jack Jones
86%
Saints 1 RB Jamaal Williams
86%
Lions 8 WR Jameson Williams
86%
Broncos 4 RB Javonte Williams
86%
Cardinals 1 OL Jonah Williams
86%
Rams 16 RB Kyren Williams
86%
Seahawks 1 DT Leonard Williams
86%
Jaguars 1 QB Mac Jones
86%
Steelers 1 WR Mike Williams
86%
Cardinals 1 RB Tony Jones Jr.
86%
Eagles 7 WR A.J. Brown
83%
Lions 12 WR Amon-Ra St. Brown
83%
Bengals 11 RB Chase Brown
83%
Commanders 1 WR Dyami Brown
83%
Commanders 1 WR Noah Brown
83%
Eagles 1 WR Ainias Smith
80%
Falcons 15 RB Bijan Robinson
80%
Commanders 8 RB Brian Robinson Jr.
80%
Rams 7 WR Demarcus Robinson
80%
Eagles 8 WR DeVonta Smith
80%
Seahawks 2 QB Geno Smith
80%
Dolphins 8 TE Jonnu Smith
80%
Chiefs 2 WR JuJu Smith-Schuster
80%
Giants 3 WR Wan'Dale Robinson
80%
Colts 6 QB Anthony Richardson
77%
Jets 3 RB Braelon Allen
77%
Ravens 18 RB Derrick Henry
77%
Patriots 2 QB Drake Maye
77%
Patriots 2 TE Hunter Henry
77%
Lions 20 RB Jahmyr Gibbs
77%
Colts 12 RB Jonathan Taylor
77%
Bills 13 QB Josh Allen
77%
Ravens 4 RB Justice Hill
77%
Bears 7 WR Keenan Allen
77%
Saints 6 TE Taysom Hill
77%
Dolphins 6 WR Tyreek Hill
77%
Panthers 6 QB Bryce Young
74%
Saints 1 WR Cedrick Wilson Jr.
74%
Lions 12 RB David Montgomery
74%
Packers 5 RB Emanuel Wilson
74%
Jets 7 WR Garrett Wilson
74%
Eagles 1 WR Johnny Wilson
74%
Packers 16 RB Josh Jacobs
74%
Chiefs 7 RB Kareem Hunt
74%
Colts 3 WR Michael Pittman Jr.
74%
Cardinals 4 WR Michael Wilson
74%
Buccaneers 11 WR Mike Evans
74%
Steelers 6 RB Najee Harris
74%
49ers 1 RB Patrick Taylor Jr.
74%
Steelers 1 LB Payton Wilson
74%
Buccaneers 9 RB Rachaad White
74%
Steelers 2 QB Russell Wilson
74%
Commanders 13 WR Terry McLaurin
74%
Raiders 1 RB Zamir White
74%
Cowboys 6 WR CeeDee Lamb
71%
Panthers 11 RB Chuba Hubbard
71%
Eagles 1 DB C.J. Gardner-Johnson
71%
Dolphins 12 RB De'Von Achane
71%
Panthers 3 WR Diontae Johnson
71%
Bengals 17 WR Ja'Marr Chase
71%
Bills 18 RB James Cook
71%
Texans 12 RB Joe Mixon
71%
Saints 3 TE Juwan Johnson
71%
Ravens 4 QB Lamar Jackson
71%
Ravens 11 TE Mark Andrews
71%
Bears 6 RB Roschon Johnson
71%
Bengals 1 DE Sam Hubbard
71%
Lions 7 TE Sam LaPorta
71%
Eagles 15 RB Saquon Barkley
71%
Bills 2 DB Taron Johnson
71%
Giants 1 TE Theo Johnson
71%
Chiefs 3 TE Travis Kelce
71%
Bills 4 RB Ty Johnson
71%
Rams 1 WR Tyler Johnson
71%
Ravens 4 WR Zay Flowers
71%
Broncos 5 QB Bo Nix
69%
Raiders 5 TE Brock Bowers
69%
Broncos 8 WR Courtland Sutton
69%
49ers 4 WR Deebo Samuel Sr.
69%
Seahawks 5 WR DK Metcalf
69%
Falcons 9 WR Drake London
69%
Cardinals 2 TE Elijah Higgins
69%
Steelers 3 WR George Pickens
69%
Eagles 14 QB Jalen Hurts
69%
Lions 1 QB Jared Goff
69%
Seahawks 6 WR Jaxon Smith-Njigba
69%
Bengals 2 QB Joe Burrow
69%
Vikings 10 WR Justin Jefferson
69%
Rams 4 WR Puka Nacua
69%
Patriots 8 RB Rhamondre Stevenson
69%
Cowboys 5 RB Rico Dowdle
69%
Texans 4 WR Stefon Diggs
69%
Bengals 10 WR Tee Higgins
69%
Jaguars 3 QB Trevor Lawrence
69%
Bears 1 DB Tyrique Stevenson
69%
Jaguars 10 WR Brian Thomas Jr.
66%
Buccaneers 8 RB Bucky Irving
66%
Buccaneers 5 WR Chris Godwin
66%
Packers 2 WR Christian Watson
66%
Panthers 3 WR David Moore
66%
Chargers 2 WR Derius Davis
66%
Browns 1 QB Deshaun Watson
66%
Ravens 1 WR Devontez Walker
66%
Bears 6 WR DJ Moore
66%
Browns 1 WR Elijah Moore
66%
Jaguars 2 WR Gabe Davis
66%
Jets 2 RB Isaiah Davis
66%
49ers 6 WR Jauan Jennings
66%
Commanders 6 QB Jayden Daniels
66%
Dolphins 2 WR Jaylen Waddle
66%
Packers 1 QB Jordan Love
66%
49ers 3 RB Jordan Mason
66%
Chiefs 2 WR Justin Watson
66%
Seahawks 8 RB Kenneth Walker III
66%
Colts 1 DB Kenny Moore II
66%
Falcons 4 TE Kyle Pitts
66%
Giants 7 WR Malik Nabers
66%
Cardinals 8 WR Marvin Harrison Jr.
66%
Texans 7 WR Nico Collins
66%
Chiefs 2 QB Patrick Mahomes
66%
Bills 6 RB Ray Davis
66%
Bears 3 WR Rome Odunze
66%
Jaguars 1 DE Travon Walker
66%
Cardinals 4 TE Trey McBride
66%
Seahawks 9 RB Zach Charbonnet
66%
Colts 7 WR Alec Pierce
63%
Saints 8 RB Alvin Kamara
63%
Buccaneers 3 QB Baker Mayfield
63%
Jets 8 RB Breece Hall
63%
Bills 1 WR Curtis Samuel
63%
Bears 6 RB D'Andre Swift
63%
Jets 7 WR Davante Adams
63%
Raiders 1 WR Davante Adams
63%
Seahawks 1 LB Derick Hall
63%
Giants 2 QB Drew Lock
63%
Ravens 6 TE Isaiah Likely
63%
Vikings 10 WR Jordan Addison
63%
Cowboys 1 DB Juanyeh Thomas
63%
Patriots 3 WR Kayshon Boutte
63%
Cardinals 5 QB Kyler Murray
63%
Vikings 1 QB Sam Darnold
63%
Texans 3 WR Tank Dell
63%
Titans 5 RB Tony Pollard
63%
Steelers 2 WR Van Jefferson
63%
Texans 2 RB Dameon Pierce
60%
Falcons 5 WR Darnell Mooney
60%
Steelers 1 TE Darnell Washington
60%
Packers 7 WR Jayden Reed
60%
Colts 5 WR Josh Downs
60%
Chargers 2 QB Justin Herbert
60%
Bears 1 RB Khalil Herbert
60%
Dolphins 1 WR Malik Washington
60%
Browns 4 RB Nick Chubb
60%
Jaguars 4 WR Parker Washington
60%
Chargers 8 WR Quentin Johnston
60%
Dolphins 2 RB Raheem Mostert
60%
Jaguars 2 RB Travis Etienne Jr.
60%
Packers 7 TE Tucker Kraft
60%
Giants 6 RB Tyrone Tracy Jr.
60%
Rams 6 WR Cooper Kupp
57%
Eagles 2 TE Dallas Goedert
57%
Raiders 4 WR Jakobi Meyers
57%
Cardinals 9 RB James Conner
57%
Steelers 5 QB Justin Fields
57%
Bills 4 WR Keon Coleman
57%
Bills 4 WR Khalil Shakir
57%
Chargers 7 WR Ladd McConkey
57%
Chiefs 2 WR Rashee Rice
57%
Packers 4 WR Romeo Doubs
57%
Jaguars 7 RB Tank Bigsby
57%
Chiefs 9 WR Xavier Worthy
57%
Commanders 7 TE Zach Ertz
57%
Panthers 5 WR Adam Thielen
54%
Bills 2 WR Amari Cooper
54%
Browns 2 WR Amari Cooper
54%
Steelers 5 WR Calvin Austin III
54%
Titans 5 WR Calvin Ridley
54%
Cowboys 1 QB Dak Prescott
54%
Browns 5 TE David Njoku
54%
Chiefs 4 WR DeAndre Hopkins
54%
Titans 1 WR DeAndre Hopkins
54%
Browns 4 WR Jerry Jeudy
54%
Packers 1 QB Malik Willis
54%
Ravens 9 WR Rashod Bateman
54%
Buccaneers 4 TE Cade Otton
51%
Saints 1 WR Chris Olave
51%
Bears 4 TE Cole Kmet
51%
Bills 2 TE Dalton Kincaid
51%
Cowboys 3 RB Ezekiel Elliott
51%
49ers 1 LB Fred Warner
51%
Steelers 1 RB Jaylen Warren
51%
Steelers 7 TE Pat Freiermuth
51%
Saints 4 WR Rashid Shaheed
51%
Raiders 4 WR Tre Tucker
51%
Rams 2 TE Tyler Higbee
51%
Seahawks 2 WR Tyler Lockett
51%
Raiders 1 QB Aidan O'Connell
49%
Commanders 4 RB Austin Ekeler
49%
Saints 1 QB Derek Carr
49%
Giants 4 RB Devin Singletary
49%
Chargers 9 RB J.K. Dobbins
49%
Eagles 1 QB Kenny Pickett
49%
Broncos 6 WR Marvin Mims Jr.
49%
Falcons 1 QB Michael Penix Jr.
49%
Bengals 2 TE Mike Gesicki
49%
49ers 3 WR Ricky Pearsall
49%
Buccaneers 3 RB Sean Tucker
49%
Falcons 3 RB Tyler Allgeier
49%
Chiefs 1 RB Isiah Pacheco
46%
Seahawks 1 TE Noah Fant
46%
Patriots 3 TE Austin Hooper
43%
Vikings 1 FB C.J. Ham
43%
Bills 1 TE Dawson Knox
43%
Jaguars 1 TE Evan Engram
43%
Vikings 6 WR Jalen Nailor
43%
Panthers 4 WR Xavier Legette
43%
Jets 6 WR Allen Lazard
40%
Chiefs 1 DB Chamarri Conner
40%
Patriots 3 WR DeMario Douglas
40%
Panthers 2 WR Jalen Coker
40%
Panthers 1 TE Ja'Tavion Sanders
40%
Texans 1 DB Jimmie Ward
40%
Commanders 1 QB Marcus Mariota
40%
Panthers 3 RB Miles Sanders
40%
Titans 9 WR Nick Westbrook-Ikhine
40%
Chiefs 5 TE Noah Gray
40%
Lions 3 WR Tim Patrick
40%
Broncos 2 WR Troy Franklin
40%
Titans 5 RB Tyjae Spears
40%
Bengals 6 WR Andrei Iosivas
37%
Cowboys 3 WR Brandin Cooks
37%
Titans 2 TE Chig Okonkwo
37%
Giants 2 WR Darius Slayton
37%
Packers 5 WR Dontayvion Wicks
37%
Buccaneers 8 WR Jalen McMillan
37%
Patriots 1 WR Kendrick Bourne
37%
Broncos 1 WR Lil'Jordan Humphrey
37%
Ravens 1 DB Marlon Humphrey
37%
Dolphins 2 QB Tyler Huntley
37%
Seahawks 4 TE AJ Barner
34%
Raiders 5 RB Alexander Mattison
34%
Jaguars 2 TE Brenton Strange
34%
Lions 2 TE Brock Wright
34%
Jaguars 1 WR Christian Kirk
34%
Texans 2 TE Dalton Schultz
34%
Chargers 1 WR Joshua Palmer
34%
Cowboys 4 WR KaVontae Turpin
34%
Saints 1 RB Kendre Miller
34%
Chargers 1 RB Kimani Vidal
34%
Buccaneers 2 WR Ryan Miller
34%
Buccaneers 1 WR Trey Palmer
34%
Bengals 3 RB Zack Moss
34%
Raiders 5 RB Ameer Abdullah
31%
Patriots 1 RB Antonio Gibson
31%
Chargers 4 RB Gus Edwards
31%
Browns 3 RB Jerome Ford
31%
Falcons 1 DB Jessie Bates III
31%
Eagles 1 RB Kenneth Gainwell
31%
Bills 5 WR Mack Hollins
31%
Colts 1 TE Mo Alie-Cox
31%
Broncos 2 LB Nik Bonitto
31%
Ravens 2 FB Patrick Ricard
31%
Panthers 2 TE Tommy Tremble
31%
Cardinals 1 RB Trey Benson
31%
Dolphins 1 FB Alec Ingold
29%
Packers 1 RB Chris Brooks
29%
Seahawks 1 DB Coby Bryant
29%
Steelers 1 TE Connor Heyward
29%
Cowboys 1 WR Jalen Brooks
29%
Cowboys 7 WR Jalen Tolbert
29%
Broncos 1 DB Pat Surtain II
29%
Jets 4 TE Tyler Conklin
29%
Vikings 2 LB Andrew Van Ginkel
26%
Commanders 2 RB Chris Rodriguez Jr.
26%
Rams 1 TE Colby Parkinson
26%
Lions 1 OL Dan Skipper
26%
Cardinals 3 WR Greg Dortch
26%
Patriots 1 QB Joe Milton III
26%
49ers 2 QB Joshua Dobbs
26%
Lions 1 DB Kerby Joseph
26%
49ers 3 FB Kyle Juszczyk
26%
Saints 4 WR Marquez Valdes-Scantling
26%
Buccaneers 1 WR Sterling Shepard
26%
Chargers 2 TE Will Dissly
26%
Texans 2 RB Cam Akers
23%
Vikings 3 RB Cam Akers
23%
Browns 3 WR Cedric Tillman
23%
Broncos 3 WR Devaughn Vele
23%
Eagles 1 TE Grant Calcaterra
23%
Packers 1 DB Jaire Alexander
23%
Lions 3 WR Kalif Raymond
23%
Falcons 2 WR KhaDarel Hodge
23%
Titans 1 QB Mason Rudolph
23%
Commanders 3 WR Olamide Zaccheaus
23%
Falcons 1 WR Ray-Ray McCloud III
23%
Chiefs 2 RB Samaje Perine
23%
Broncos 2 RB Audric Estime
20%
Bengals 1 DB Cam Taylor-Britt
20%
Ravens 1 TE Charlie Kolar
20%
Patriots 1 DB Christian Gonzalez
20%
Bengals 1 TE Drew Sample
20%
Seahawks 1 WR Jake Bobo
20%
Patriots 2 WR Ja'Lynn Polk
20%
Browns 1 QB Jameis Winston
20%
Commanders 4 RB Jeremy McNichols
20%
Vikings 3 TE Josh Oliver
20%
Broncos 1 WR Josh Reynolds
20%
Cowboys 1 TE Luke Schoonmaker
20%
Broncos 2 TE Adam Trautman
17%
Commanders 1 TE Ben Sinnott
17%
Saints 1 WR Bub Means
17%
Raiders 2 WR DJ Turner
17%
Cardinals 1 RB Emari Demercado
17%
Chargers 3 RB Hassan Haskins
17%
Broncos 3 RB Jaleel McLaughlin
17%
Cardinals 1 RB Michael Carter
17%
Ravens 1 DB Nate Wiggins
17%
Ravens 2 WR Nelson Agholor
17%
Colts 2 RB Tyler Goodson
17%
Steelers 1 RB Cordarrelle Patterson
14%
49ers 1 DB Deommodore Lenoir
14%
Saints 5 TE Foster Moreau
14%
Bengals 1 DB Geno Stone
14%
49ers 4 RB Isaac Guerendo
14%
Vikings 1 LB Ivan Pace Jr.
14%
Broncos 1 DB Ja'Quan McMillian
14%
Rams 1 DB Kamren Curl
14%
Bills 1 TE Quintin Morris
14%
Bengals 1 TE Tanner Hudson
14%
Chiefs 1 OL Wanya Morris
14%
Jets 1 WR Xavier Gipson
14%
Texans 1 TE Cade Stover
11%
Bills 1 DB Ja'Marcus Ingram
11%
Packers 2 WR Malik Heath
11%
Falcons 1 DE Matthew Judon
11%
Steelers 1 TE MyCole Pruitt
11%
Buccaneers 2 TE Payne Durham
11%
Chargers 1 DB Tarheeb Still
11%
Titans 1 WR Tay Martin
11%
Commanders 1 OL Trent Scott
11%
Vikings 1 WR Trent Sherfield Sr.
11%
Colts 2 RB Trey Sermon
11%
Ravens 1 WR Tylan Wallace
11%
Patriots 1 OL Vederian Lowe
11%
Texans 1 RB Dare Ogunbowale
9%
Cardinals 2 RB DeeJay Dallas
9%
Cowboys 1 LB DeMarvion Overshown
9%
Colts 1 TE Drew Ogletree
9%
49ers 1 TE Eric Saubert
9%
Browns 2 TE Jordan Akins
9%
Rams 1 DB Kamren Kinchens
9%
Chiefs 1 WR Mecole Hardman
9%
Broncos 2 FB Michael Burton
9%
Broncos 3 TE Nate Adkins
9%
Eagles 1 WR Parris Campbell
9%
Buccaneers 1 DB Antoine Winfield Jr.
6%
Colts 1 WR Ashton Dulin
6%
Browns 1 TE Blake Whiteheart
6%
Giants 1 TE Chris Manhertz
6%
Broncos 1 LB Cody Barton
6%
Commanders 1 DE Dante Fowler Jr.
6%
Texans 2 DE Derek Barnett
6%
Chargers 1 WR DJ Chark Jr.
6%
Rams 1 DB Jaylen McCollough
6%
Vikings 2 TE Johnny Mundt
6%
Patriots 1 WR K.J. Osborn
6%
Raiders 1 WR Kristian Wilkerson
6%
Titans 3 TE Nick Vannett
6%
Bills 1 WR Tyrell Shavers
6%
Saints 1 WR Dante Pettis
3%
Eagles 1 TE E.J. Jenkins
3%
Giants 1 WR Ihmir Smith-Marsette
3%
Commanders 2 WR Jamison Crowder
3%
Patriots 1 RB JaMycal Hasty
3%
Buccaneers 1 LB J.J. Russell
3%
Texans 1 WR John Metchie III
3%
Bears 1 DB Jonathan Owens
3%
Titans 1 TE Josh Whyle
3%
Jets 1 RB Kene Nwangwu
3%
Jets 1 TE Kenny Yeboah
3%
Seahawks 1 WR Laviska Shenault Jr.
3%
Seahawks 1 DB Rayshawn Jenkins
3%
Browns 2 DB Rodney McLeod Jr.
3%
Giants 1 WR Bryce Ford-Wheaton
0%
Bears 1 DB Josh Blackwell
0%
Falcons 1 LB Troy Andersen
0%
No matching quizzes found
Score Distribution
Percent of People with Each Score
Percentile by Number Answered
Your Score History
You have not taken this quiz since the last reset